[Event "It"]
[Site "Leposavic YUG"]
[Date "2003.06.19"]
[Round "8"]
[White "Kocovski,I"]
[Black "Antic,D"]
[Result "0-1"]
[WhiteElo "2271"]
[BlackElo "2450"]

1.d4 Nf6 2.Bg5 Ne4 3.Bf4 c5 4.f3 Qa5+ 5.c3 Nf6 6.Nd2 cxd4 7.Nb3 Qf5 8.Bxb8 Rxb8
9.Qxd4 b6 10.e4 Qf4 11.Nh3 Qc7 12.e5 Ng8 13.O-O-O e6 14.Bd3 Ne7 15.f4 Nc6
16.Qe3 b5 17.Kb1 b4 18.Rc1 bxc3 19.Rxc3 Qb6 20.Qxb6 Rxb6 21.Ng5 Bb4 22.Rc2 Bb7
23.Nc5 Bxc5 24.Rxc5 f5 25.a3 Ke7 26.Nf3 Rb8 27.Rd1 Nd8 28.Rd2 Bxf3 29.gxf3 Nc6
30.Bc4 a5 31.a4 R8b7 32.Ka2 Nb4+ 33.Ka3 Rc6 34.Rxc6 Nxc6 35.Rd6 Rb4 36.Bxe6 Rxf4
37.Bd5 Nxe5 38.Ra6 Rd4 39.Rxa5 Kd6 40.Bg8 Rd3+ 41.b3 f4 42.Rb5 Nc6 43.a5 Rxf3
44.a6 Rf1 45.b4 Ra1+ 46.Ba2 f3 47.Rd5+ Kc7 48.Rd2 Kb6 49.Kb2 Re1 50.Bc4 Re4
51.Kc3 Ne5 52.Bf1 Re1 53.Rd6+ Ka7 54.Bb5 f2 55.Rd5 Kb6 56.h4 g6 57.h5 gxh5
58.Kb2 h4  0-1

[Event "zt 3.2a"]
[Site "Ho Chi Minh City VIE"]
[Date "2003.06.25"]
[Round "6"]
[White "Torre,E"]
[Black "Paragua,M"]
[Result "1/2-1/2"]
[WhiteElo "2520"]
[BlackElo "2500"]

1.d4 Nf6 2.Bg5 Ne4 3.Bf4 c5 4.f3 Qa5+ 5.c3 Nf6 6.Nd2 cxd4 7.Nb3 Qb6 8.Qxd4 Nc6
9.Qxb6 axb6 10.Bg5 d5 11.Nd4 Nxd4 12.cxd4 Bd7 13.e3 e6 14.Bd3 b5 15.Ne2 Bd6
16.Bf4 Bxf4 17.exf4 b4 18.Kd2 Ke7 19.Rhc1 Kd6 20.b3 Ne8 21.Rc2 Nc7 22.Re1 Nb5
23.Bxb5 Bxb5 24.Nc1 f6 25.Nd3 Bxd3 26.Kxd3 Rhc8 27.Rxc8 Rxc8 28.Kd2 Ra8 29.Ra1 h6
30.h4 g5 31.hxg5 hxg5 32.fxg5 fxg5 33.Ke3 b6 34.Kd3 Rh8 35.Re1 Rh2 36.Rg1 Ke7
37.Ke3 Kf6 38.Kf2 Rh4 39.Rd1 Ke7 40.Ke3 Rh2 41.Rd2 Rh1 42.f4 Kf6 43.fxg5+ Kxg5
44.Kf3 Rf1+ 45.Ke3  1/2-1/2

[Event "It"]
[Site "Brno CZE"]
[Date "2003.06.30"]
[Round "4"]
[White "Pisk,P"]
[Black "Holemar,D"]
[Result "1/2-1/2"]
[WhiteElo "2335"]
[BlackElo "2337"]

1.d4 Nf6 2.Bg5 Ne4 3.h4 c5 4.dxc5 Qa5+ 5.Nd2 e5 6.c3 Nxg5 7.hxg5 Qxc5 8.Qc2 d5
9.Rxh7 Rxh7 10.Qxh7 g6 11.e4 Be6 12.exd5 Bxd5 13.Bd3 Nd7 14.Ngf3 O-O-O 15.O-O-O Qc6
16.Bc2 Bc5 17.Qh4 Bxa2  1/2-1/2

[Event "31st World Open"]
[Site "Philadelphia USA"]
[Date "2003.07.02"]
[Round "3"]
[White "Reeder,A"]
[Black "Bengtson,M"]
[Result "1/2-1/2"]
[WhiteElo "2145"]
[BlackElo "2294"]

1.d4 Nf6 2.Bg5 Ne4 3.Bf4 c5 4.d5 Qb6 5.Bc1 g6 6.f3 Nd6 7.e4 Bg7 8.Nc3 f5
9.exf5 Nxf5 10.Nh3 O-O 11.Be2 Na6 12.O-O Nc7 13.Kh1 Qb4 14.Ne4 Qd4 15.c3 Qxd5
16.Qxd5+ Nxd5 17.Bc4 e6 18.Bxd5 exd5 19.Nxc5 d4 20.cxd4 Nxd4 21.Nf4 b6 22.Ncd3 Ba6
23.Rd1 Rae8 24.Nb4 Bb7 25.Nfd5 a5 26.Be3 Nf5 27.Bxb6 axb4 28.Nxb4 Re2 29.Rxd7 Rxb2
30.Bc5 Rc8 31.Rxb7 Rxc5 32.Rxg7+ Kxg7 33.Nd3 Rbc2 34.Nxc5 Rxc5 35.a4 Ra5
36.Kg1 Nd4 37.Kf2 Ne6 38.Ke3 Nc5 39.Rc1 Kf6 40.f4 Ke6 41.g4 Nxa4 42.Rc7 Nb6
43.Rc6+ Kf7 44.Rxb6 Ra2 45.Rb7+ Kg8  1/2-1/2

[Event "White Nights"]
[Site "St Petersburg RUS"]
[Date "2003.07.02"]
[Round "4"]
[White "Chepukaitis,G"]
[Black "Eliseev,A"]
[Result "1/2-1/2"]
[WhiteElo "2388"]
[BlackElo "2468"]

1.d4 Nf6 2.Bg5 Ne4 3.Bh4 c5 4.f3 Qa5+ 5.c3 g5 6.fxe4 gxh4 7.e3 Bh6 8.Nd2 Qb6
9.Nc4 Qg6 10.Qf3 d6 11.h3 Nd7 12.Ne2 b5 13.Nd2 e5 14.g4 Qg5 15.Kf2 Rg8 16.Ke1 Rg6
17.Ng1 cxd4 18.Bxb5 Rb8 19.Qe2 dxe3 20.Nb3 Qf4 21.Bd3 Qg3+ 22.Kd1 Rf6 23.Qe1 e2+
24.Kc2 Rf2 25.Nxe2 Qe3 26.Rd1 d5 27.Rf1 Rh2 28.Kb1 Bg5 29.Ng1 dxe4 30.Bxe4 h6
31.Bc6 Ke7 32.Qxe3 Bxe3 33.Nf3 Rxh3 34.Bxd7 Bxd7 35.Nxe5 Be8 36.Rfe1 Kf6
37.Nc4 Bg5 38.Nd6 Bc6 39.Nf5 Bf4 40.Ne7 Bf3 41.Nd5+ Kg5 42.Nxf4 Kxf4 43.Rd4+ Kg3
44.Nd2 Ba8 45.Re3+ Kg2 46.Re2+ Kg1 47.Kc1 Rg3 48.Rf4 Kh1 49.Rxf7 Rxg4 50.Nf3 Bxf3
51.Rxf3 Kg1 52.Re1+ Kg2 53.Rff1 Rg5 54.Rg1+ Kf3 55.Ref1+ Ke3 56.Rh1 Rg4 57.Rh3+ Ke2
58.Rfh1 h5 59.Kc2 Kf2 60.b4 Rc8 61.Kb2 Rcc4 62.Kb3 Rcf4 63.R1h2+  1/2-1/2

[Event "31st World Open"]
[Site "Philadelphia USA"]
[Date "2003.07.04"]
[Round "5"]
[White "Reeder,A"]
[Black "Popovych,O"]
[Result "1-0"]
[WhiteElo "2145"]
[BlackElo "2263"]

1.d4 Nf6 2.Bg5 Ne4 3.Bf4 c5 4.d5 Qb6 5.Bc1 e6 6.f3 Nf6 7.c4 Qb4+ 8.Nc3 Qxc4
9.e4 Qb4 10.Bd2 Qb6 11.Bc4 Be7 12.Nh3 exd5 13.exd5 d6 14.Nf4 O-O 15.g4 Re8
16.O-O a6 17.g5 Nfd7 18.Nh5 g6 19.f4 Qd8 20.a4 Bf8 21.Bd3 c4 22.Bc2 Qb6+
23.Kh1 Qd4 24.Re1 Rxe1+ 25.Qxe1 gxh5 26.Rd1 Qg7 27.Be3 Nc5 28.Bd4 f6 29.gxf6 Qf7
30.Qh4 Bg4 31.Rg1 Nbd7 32.h3 Re8 33.hxg4 b5 34.Qg5+ Kh8 35.Qxh5 Kg8 36.Bxh7+  1-0

[Event "26th Open"]
[Site "Barbera del Valles ESP"]
[Date "2003.07.07"]
[Round "3"]
[White "Asensio Linan,T"]
[Black "Gonzalez Rodriguez,JA"]
[Result "1/2-1/2"]
[WhiteElo "2222"]
[BlackElo "2353"]

1.d4 Nf6 2.Bg5 Ne4 3.Bh4 g5 4.f3 gxh4 5.fxe4 e5 6.e3 Bh6 7.Qd3 Nc6 8.Nf3 Qe7
9.Nc3 d6 10.Nd5 Qd8 11.O-O-O exd4 12.Nxd4 O-O 13.Qc3 Nxd4 14.Qxd4 Bg7 15.Qc4 c6
16.Nf4 Re8 17.Be2 Qe7 18.Rhf1 a5 19.Bh5 Bd7 20.g3 a4 21.gxh4 a3 22.b3 d5
23.Qd3 Qxe4 24.Qxe4 Rxe4 25.Bxf7+ Kh8 26.Ng2 Bh3 27.Rg1 Rf8 28.Bh5 Bb2+ 29.Kb1 Rf2
30.Ne1 Bf5 31.Nd3 Rxh2 32.Rdf1 Bg6 33.Bxg6 hxg6 34.Nxb2 axb2 35.Rf6 Rxe3
36.Rfxg6 Kh7 37.Rg7+ Kh6 38.Rg8 Kh7 39.R8g7+ Kh6 40.Rg8 Kh7 41.R8g7+ Kh6
42.R7g6+  1/2-1/2

[Event "32nd TCh-GRE"]
[Site "Kallithea Chalkidiki GRE"]
[Date "2003.07.07"]
[Round "4"]
[White "Papadopoulou,T"]
[Black "Kouvatsou,M"]
[Result "0-1"]
[WhiteElo "2104"]
[BlackElo "2235"]

1.d4 Nf6 2.Bg5 Ne4 3.h4 c5 4.dxc5 Na6 5.Nd2 Naxc5 6.c3 d5 7.Nxe4 Nxe4 8.e3 a6
9.Nf3 f6 10.Bf4 e5 11.Nxe5 fxe5 12.Qh5+ Ke7 13.Qxe5+ Be6 14.Bd3 Nf6 15.e4 Kf7
16.f3 Nd7 17.Qg5 Nc5 18.Bc2 dxe4 19.fxe4 Qxg5 20.hxg5 Rd8 21.Rd1 Rxd1+ 22.Kxd1 Be7
23.e5 Rd8+ 24.Ke2 Bg4+ 25.Ke3 Ne6 26.Bb3 Bc5+ 27.Ke4 Kg6 28.g3 Nxg5+ 29.Bxg5 Kxg5
30.Bf7 b6 31.c4  0-1

[Event "25th Open"]
[Site "Oberwart AUT"]
[Date "2003.07.08"]
[Round "4"]
[White "Schieder,A"]
[Black "Danner,G"]
[Result "0-1"]
[WhiteElo "2137"]
[BlackElo "2359"]

1.d4 Nf6 2.Bg5 Ne4 3.Bf4 d5 4.f3 Nf6 5.e4 e6 6.Bd3 c5 7.c3 Nc6 8.Ne2 Qb6
9.Nd2 cxd4 10.cxd4 Nxd4 11.exd5 Nxd5 12.Nc4 Qd8 13.Qa4+ Bd7 14.Nd6+ Bxd6
15.Qxd4 Bxf4 16.Nxf4 Qf6 17.Qxf6 Nxf6 18.Kf2 Ke7 19.Rad1 Rad8 20.Bc4 Bc6
21.Nd3 Bd5 22.Bxd5 Rxd5 23.Nb4 Rb5 24.Rd4 Rc8 25.Re1 a5 26.Nd3 Rd5 27.Rxd5 Nxd5
28.Re2 g5 29.a3 f6 30.g3 Rc4 31.Ke1 h5 32.Kd2 Kd6 33.Re1 e5 34.h3 Ne7 35.g4 h4
36.b3 Rd4 37.Rc1 Nc6 38.Ke3 b6 39.Rc2 Ne7 40.Rc1 f5 41.Rc4 fxg4 42.fxg4 Nd5+
43.Kd2 Rxc4 44.bxc4 e4 45.Nb2 Nf4 46.Ke3 Nxh3 47.Kxe4 Nf4 48.Nd1 Ke6 49.Nf2 a4
50.Kd4 Kf6 51.Ne4+ Kg6 52.c5 Ne6+ 53.Kc4 Nxc5 54.Nf2 Kf6 55.Kb5 Ke5 56.Nh3 Ne6
57.Kxa4 Ke4 58.Kb5 Kf3 59.Kxb6 Kxg4 60.a4 Kxh3 61.a5 g4 62.a6 g3 63.a7 g2
64.a8=Q g1=Q+  0-1

[Event "1st Stage Russian Cup"]
[Site "Tomsk RUS"]
[Date "2003.07.08"]
[Round "5"]
[White "Bykov,V"]
[Black "Grunina,N"]
[Result "0-1"]
[WhiteElo "2301"]
[BlackElo "2181"]

1.d4 Nf6 2.Bg5 Ne4 3.Bh4 g5 4.f3 gxh4 5.fxe4 Bg7 6.c3 c5 7.e3 Qb6 8.Qc2 Qh6
9.Qd2 d6 10.Bb5+ Bd7 11.Na3 a6 12.Bd3 b5 13.Nf3 Bg4 14.Qf2 h3 15.g3 Nd7 16.Nh4 Bf6
17.Nf5 Bxf5 18.exf5 Bg5 19.Qf3 O-O 20.Nc2 cxd4 21.cxd4 e5 22.O-O Nf6 23.Rfe1 Rfe8
24.e4 exd4 25.Nxd4 Nd7 26.a4 Bd2 27.axb5 Bxe1 28.Rxe1 Qd2 29.Qe2 Qxe2 30.Rxe2 Ne5  0-1

[Event "32nd TCh-GRE"]
[Site "Kallithea Chalkidiki GRE"]
[Date "2003.07.09"]
[Round "6"]
[White "Skembris,S"]
[Black "Bousios,H"]
[Result "1/2-1/2"]
[WhiteElo "2443"]
[BlackElo "2282"]

1.d4 Nf6 2.Bg5 Ne4 3.h4 c5 4.dxc5 Nc6 5.Nd2 Nxc5 6.e4 d5 7.exd5 Qxd5 8.Ngf3 Bg4
9.Bc4 Qf5 10.Be3 e5 11.Qe2 O-O-O 12.Bxc5 Bxc5 13.O-O-O f6 14.Ne4 Qf4+ 15.Kb1 Nd4
16.Qe3 Qxe3 17.fxe3 Nxf3 18.Be2 Nh2 19.Bxg4+ Nxg4 20.Nxc5 Nxe3 21.Rdg1 h5
22.Kc1 Rd4 23.Rh3 Nf5 24.Rf1 Nh6 25.Ne6 Rd7 26.Rc3+ Kb8 27.Rd1 Re7 28.Nc5 Rc7
29.b4 Nf5 30.g3 Nd4 31.Rcd3 a5 32.a3 Ka7 33.c3 Nf5 34.Kb2 Rhc8 35.Rf3 Nh6
36.Rd5 axb4 37.axb4 b6 38.Ne4 Nf7 39.Rf5 Rh8 40.Kb3 Kb7 41.c4 Kc8 42.c5 Rd7
43.Rxd7 Kxd7 44.cxb6 Nd6 45.Nxd6 Kxd6 46.Kc4 Kc6 47.b7 Kxb7 48.Kd5 Re8 49.Ke4 Kc6
50.Rxh5 Kb5 51.g4 Kxb4 52.Rh7 Rg8 53.g5  1/2-1/2

[Event "FSIM July"]
[Site "Budapest HUN"]
[Date "2003.07.10"]
[Round "6"]
[White "Reiss,T"]
[Black "Gottesman,J"]
[Result "1-0"]
[WhiteElo "2343"]
[BlackElo "2315"]

1.d4 Nf6 2.Bg5 Ne4 3.Bf4 c5 4.f3 Qa5+ 5.c3 Nf6 6.d5 d6 7.e4 g6 8.Nd2 Bg7
9.Nc4 Qd8 10.a4 O-O 11.g4 a6 12.a5 Nbd7 13.Ne2 Rb8 14.Ng3 Ne8 15.h4 Ne5 16.h5 e6
17.Rh2 exd5 18.exd5 Qf6 19.Bxe5 dxe5 20.Be2 Qf4 21.Rg2 Nf6 22.hxg6 hxg6 23.Nb6 e4
24.Ra4 Re8 25.d6 Qh6 26.Nxe4 Qh1+ 27.Kf2 Nxe4+ 28.Rxe4 Qh4+ 29.Ke3 Rxe4+
30.fxe4 Qh3+ 31.Bf3 Be6 32.d7 Rd8 33.Qd6 Bf8 34.Qe5 Qh4 35.Ke2 Qe7 36.Kf1 Bxd7
37.Qxe7 Bxe7 38.e5 Bc6 39.Bxc6 bxc6 40.Re2 Bg5 41.Nc4 Re8 42.Re1 Kg7 43.Rd1 Bf4
44.Rd6 Bxe5 45.Rxc6 Bf6 46.Rxa6 Re4 47.Nd6 Rf4+ 48.Ke2 Be5 49.g5 Bxd6 50.Rxd6 Ra4
51.a6 Ra2 52.Rb6 Kf8 53.Kd3 Ra4 54.b4 cxb4 55.cxb4 Ke7 56.Kc4  1-0

[Event "Open"]
[Site "Mariupol UKR"]
[Date "2003.07.11"]
[Round "1"]
[White "Kamenets,A"]
[Black "Nazarevskiy,S"]
[Result "1-0"]
[WhiteElo "2326"]
[BlackElo "2161"]

1.d4 Nf6 2.Bg5 Ne4 3.Bf4 d6 4.f3 Nf6 5.e4 g6 6.c4 Bg7 7.Nc3 O-O 8.Qd2 c6
9.Bd3 Nbd7 10.Nge2 e5 11.Bg5 exd4 12.Nxd4 Qb6 13.Nc2 Ne5 14.Be2 Be6 15.Ne3 h6
16.Bh4 Qc7 17.Bxf6 Bxf6 18.f4 Nd7 19.f5 d5 20.fxe6 d4 21.exd7 dxc3 22.bxc3 Qa5
23.Rc1 Bg5 24.h4  1-0

[Event "Andorra"]
[Site "Andorra la Vella AND"]
[Date "2003.07.12"]
[Round "8"]
[White "Canal Oliveras,J"]
[Black "Castellanos,R"]
[Result "1-0"]
[WhiteElo "2275"]
[BlackElo "2489"]

1.d4 Nf6 2.Bg5 Ne4 3.Bh4 c5 4.f3 g5 5.fxe4 gxh4 6.e3 Qb6 7.Nc3 Nc6 8.Nd5 Qa5+
9.c3 Bg7 10.Qg4 O-O 11.Nf3 f5 12.exf5 cxd4 13.f6 exf6 14.Qh5 Qd8 15.Bc4 Kh8
16.Bd3 f5 17.Ng5 h6 18.Nf7+ Rxf7 19.Qxf7 d6 20.exd4 h3 21.g3  1-0

[Event "Canadian Open"]
[Site "Kapuskasing CAN"]
[Date "2003.07.12"]
[Round "1"]
[White "Moiseenko,A"]
[Black "Gersov,E"]
[Result "1/2-1/2"]
[WhiteElo "2618"]
[BlackElo "2352"]

1.d4 Nf6 2.Bg5 Ne4 3.Bf4 c5 4.f3 Nf6 5.dxc5 Qa5+ 6.Nc3 Qxc5 7.e4 d6 8.Qd2 a6
9.O-O-O Nbd7 10.g4 h6 11.h4 Ne5 12.Kb1 Be6 13.Nd5 Bxd5 14.exd5 g6 15.Be3 Qc7
16.Be2 Bg7 17.Nh3 Rc8 18.c3 Nc4 19.Bxc4 Qxc4 20.Nf2 h5 21.g5 Nd7 22.f4 Nc5
23.Rhe1 Na4 24.Bd4 Bxd4 25.Qxd4 O-O 26.Rxe7 Qb5 27.Qb4 Qxb4 28.cxb4 Rc4 29.Re4 Rfc8
30.Rde1 Nb6 31.b3 Rxe4 32.Nxe4 Nxd5 33.Nxd6 Rc7 34.Re8+ Kh7 35.Rd8 Ne7 36.Ne8 Rc8
37.Rxc8 Nxc8 38.a4 Kg8 39.Nc7 Nd6 40.a5 Kf8 41.Kc2 Ke7 42.Nd5+ Ke6 43.Ne3 Nf5
44.Ng2 Kd5 45.Kd3 Kd6 46.Kc4 Kc6 47.b5+ axb5+ 48.Kb4 Ne7 49.Ne3 Nf5 50.Ng2 Ne7  1/2-1/2

[Event "13th S&WYM"]
[Site "Millfield School ENG"]
[Date "2003.07.12"]
[Round "4"]
[White "Buckley,Si"]
[Black "Pinter,G"]
[Result "1-0"]
[WhiteElo "2267"]
[BlackElo "2376"]

1.d4 Nf6 2.Bg5 Ne4 3.Bf4 c5 4.f3 Nf6 5.dxc5 Qa5+ 6.Nc3 Qxc5 7.e4 d6 8.Qd2 e5
9.Be3 Qb4 10.O-O-O a6 11.a3 Qa5 12.Bc4 Be6 13.Nd5 Qxd2+ 14.Rxd2 Nxd5 15.Bxd5 Nc6
16.f4 g6 17.Nf3 Bh6 18.Bxe6 fxe6 19.Rxd6 exf4 20.Bb6 e5 21.Rhd1 O-O 22.Rd7 Rab8
23.Rc7 Rfc8 24.Rxc8+ Rxc8 25.Rd7 Rb8 26.c3 Bg7 27.b4 Bf6 28.a4 g5 29.b5 axb5
30.axb5 Ne7 31.Bc7 Rc8 32.Bxe5 Bxe5 33.Nxe5 Kf8 34.Rxb7 Rxc3+ 35.Kd2 Re3
36.b6  1-0

[Event "13th S&WYM"]
[Site "Millfield School ENG"]
[Date "2003.07.13"]
[Round "5"]
[White "Bigg,A"]
[Black "Dvorak,T"]
[Result "1/2-1/2"]
[WhiteElo "2287"]
[BlackElo "2319"]

1.d4 Nf6 2.Bg5 Ne4 3.h4 c5 4.d5 g6 5.Nd2 Nxg5 6.hxg5 Bg7 7.c3 d6 8.e4 h6
9.Ngf3 Nd7 10.Bb5 h5 11.Qe2 a6 12.Bxd7+ Bxd7 13.O-O Qc7 14.Nh4 e5 15.g3 O-O-O
16.a4 Bg4 17.Qc4 f6 18.Nxg6 Rhg8 19.f3 Bh3 20.Rf2 fxg5 21.Kh2 Bf6 22.Kxh3 Rxg6
23.Rh1 g4+ 24.fxg4 Qg7 25.Kg2 Rxg4 26.b4 Rxg3+ 27.Kf1 Be7 28.bxc5 dxc5 29.Nb3 Rf8
30.Nxc5 Rxf2+ 31.Kxf2 Rg2+ 32.Kf1 Qg3 33.Nxa6+ Kd7 34.Qb5+ Kd8 35.Qb6+ Ke8
36.Nc7+ Kf8 37.Qh6+ Kg8 38.Qe6+ Kf8 39.Qh6+  1/2-1/2

[Event "ch-GBR"]
[Site "Edinburgh SCO"]
[Date "2003.07.14"]
[Round "1"]
[White "Buckley,Si"]
[Black "Adams,D"]
[Result "1/2-1/2"]
[WhiteElo "2267"]
[BlackElo "2172"]

1.d4 Nf6 2.Bg5 Ne4 3.Bf4 c5 4.f3 Qa5+ 5.c3 Nf6 6.a3 cxd4 7.b4 Qb6 8.cxd4 Nc6
9.e3 Nd5 10.Ne2 e6 11.Nbc3 Nxf4 12.Nxf4 Be7 13.Nd3 O-O 14.Be2 d5 15.Rc1 Qd8
16.f4 Bd7 17.O-O a5 18.Qb3 axb4 19.axb4 Na7 20.Ne5 Nc6 21.Nd3 g6 22.Rc2 Na7
23.Ne5 f6 24.Nxd7 Qxd7 25.b5 b6 26.Ra1 Rab8 27.Na4 Rb7 28.Rac1 Rfb8 29.Qd3 Rc8
30.Rxc8+ Nxc8 31.Qc3 Na7 32.Bd3 Bd8 33.Qb2 Rc7 34.Rxc7  1/2-1/2

[Event "ch-GBR"]
[Site "Edinburgh SCO"]
[Date "2003.07.15"]
[Round "2"]
[White "Clarke,T"]
[Black "Ghasi,A"]
[Result "0-1"]
[WhiteElo "2128"]
[BlackElo "2305"]

1.d4 Nf6 2.Bg5 Ne4 3.h4 c5 4.d5 Qb6 5.Nd2 Nxg5 6.hxg5 g6 7.e4 d6 8.a4 Bg7
9.Bb5+ Bd7 10.Nc4 Qc7 11.Ra3 a6 12.Bxd7+ Nxd7 13.Rah3 b5 14.Rxh7 Rg8 15.axb5 axb5
16.Nd2 Nf8 17.R7h3 Bxb2 18.Ne2 Ra1 19.Nb1 Qa5+ 20.c3 Qa4 21.Qxa4 Rxa4 22.f3 b4
23.cxb4 cxb4 24.f4 Nd7 25.O-O Rh8 26.Nd2 Rxh3 27.gxh3 Nc5 28.f5 b3 29.fxg6 fxg6
30.Nf4 Bc3 31.Nb1 Bd4+ 32.Kg2 Be3 33.Nxg6 Bxg5 34.Nc3 Rc4 35.Rf8+ Kd7 36.Nb5 Rxe4
37.Rb8 Bh6 38.Kf3 Rb4  0-1

[Event "Open"]
[Site "Mariupol UKR"]
[Date "2003.07.15"]
[Round "5"]
[White "Kamenets,A"]
[Black "Gasanov,E"]
[Result "0-1"]
[WhiteElo "2326"]
[BlackElo "2396"]

1.d4 Nf6 2.Bg5 Ne4 3.Bf4 c5 4.f3 Qa5+ 5.c3 Nf6 6.d5 Qb6 7.b3 e6 8.e4 exd5
9.exd5 Bd6 10.Be3 O-O 11.Bc4 Qa5 12.a4 a6 13.Ra3 Qc7 14.g3 b6 15.Be2 Re8
16.Bf2 c4 17.b4 Bb7 18.a5 Nxd5 19.axb6 Qc6 20.Qd4 Be5 21.Qc5 Qg6 22.Nd2 Qc2
23.Ra1 Bxc3 24.Rd1 Bxb4 25.Qd4 Nc3 26.Be3 Nxd1 27.Bxd1 Qxd2+ 28.Qxd2 Rxe3+  0-1

[Event "24th Open"]
[Site "Bled SLO"]
[Date "2003.07.16"]
[Round "3"]
[White "Buchnicek,P"]
[Black "Srebrnic,M"]
[Result "1-0"]
[WhiteElo "2325"]
[BlackElo "2211"]

1.d4 Nf6 2.Bg5 Ne4 3.h4 d5 4.Nd2 Nxg5 5.hxg5 Bf5 6.e3 c5 7.g4 Bg6 8.f4 e6
9.Ngf3 Nc6 10.c3 Qc7 11.Nh4 O-O-O 12.Nxg6 fxg6 13.Bd3 Be7 14.Nf3 Rdf8 15.a3 h6
16.gxh6 g5 17.Kf2 Rxh6 18.f5 e5 19.dxe5 Nxe5 20.Nxe5 Qxe5 21.Rxh6 gxh6 22.Qf3 h5
23.gxh5 Qh2+ 24.Qg2 Qh4+ 25.Ke2 Qxh5+ 26.Kd2 Rh8 27.Rf1 Qh2 28.Rf2 Qe5 29.f6 Bxf6
30.Qg4+ Kb8 31.Rf5 Qh2+ 32.Be2 Qd6 33.Qf3 Be5 34.Rf7 Rg8 35.Qf5 d4 36.exd4 cxd4
37.c4 Bf4+ 38.Kc2 Re8 39.Bf3 d3+ 40.Kd1 Qb6 41.Rxb7+ Qxb7 42.Bxb7 d2 43.Bf3 Re1+
44.Kc2 Rc1+ 45.Kb3 d1=Q+ 46.Bxd1 Rxd1 47.Kb4 Rd6 48.c5 Rd4+ 49.Kb5 Kc7 50.c6 Rd2
51.Qf7+ Kc8 52.Qb7+ Kd8 53.Qa8+ Ke7 54.Qxa7+ Kd8 55.Qa5+ Kc8 56.Qa8+ Kc7
57.Qb7+ Kd8 58.Qg7 Rd5+ 59.Kc4 Rd1 60.b4  1-0

[Event "13th S&WYM"]
[Site "Millfield School ENG"]
[Date "2003.07.16"]
[Round "8"]
[White "Buckley,Si"]
[Black "Jasny,S"]
[Result "1-0"]
[WhiteElo "2267"]
[BlackElo "2319"]

1.d4 Nf6 2.Bg5 Ne4 3.Bf4 c5 4.f3 Qa5+ 5.c3 Nf6 6.a3 cxd4 7.b4 Qb6 8.cxd4 Nc6
9.e3 Nd5 10.Ne2 e6 11.Nbc3 Nxf4 12.Nxf4 Bd6 13.Nd3 Qd8 14.f4 b6 15.Be2 Bb7
16.O-O Rc8 17.Rc1 Bb8 18.Bf3 O-O 19.d5 exd5 20.Bxd5 Qe7 21.Qf3 a6 22.a4 Ba8
23.Rfd1 Bd6 24.b5 axb5 25.axb5 Nb4 26.Bxa8 Nxd3 27.Nd5 Qd8 28.Rxc8 Qxc8 29.Rxd3 Qxa8
30.Nf6+ gxf6 31.Qxa8 Rxa8 32.Rxd6 Kg7 33.Rxd7 Ra2 34.Kf1 Rb2 35.Rd5 Kg6 36.h3 h5
37.g3 h4 38.gxh4 f5 39.h5+ Kxh5 40.Rxf5+ Kh4 41.Rxf7 Kg3 42.Re7 Kf3 43.Ke1 Rxb5
44.Kd2 Rc5 45.Re5 Rc8 46.f5 b5 47.f6 Rd8+ 48.Kc3 Rf8 49.Re6 Kg3 50.e4  1-0

[Event "25th Politiken Cup"]
[Site "Copenhagen DEN"]
[Date "2003.07.17"]
[Round "4"]
[White "Nordenbaek,J"]
[Black "Auchenberg,P"]
[Result "0-1"]
[WhiteElo "2254"]
[BlackElo "2075"]

1.d4 Nf6 2.Bg5 Ne4 3.Bf4 c5 4.f3 Qa5+ 5.c3 Nf6 6.d5 d6 7.e4 g6 8.Na3 Bg7
9.Nc4 Qd8 10.a4 O-O 11.Qd2 Nbd7 12.g4 Nb6 13.Bh6 Bd7 14.h4 Nxa4 15.Bxg7 Kxg7
16.h5 b5 17.hxg6 fxg6 18.Qh6+ Kg8 19.g5 bxc4 20.gxf6 Rf7 21.e5 exf6 22.e6 Re7
23.Bxc4 Nxb2 24.Be2 Be8 25.Nh3 Rg7 26.Rg1 a5 27.Nf2 f5 28.Qf4 a4 29.Kd2 a3
30.Rg2 Raa7 31.Nh3 Qb6 32.Ng5 Ra4 33.Qh2 Nc4+ 34.Bxc4 Rxc4 35.Rxa3 Qb2+ 36.Kd3 Qxa3
37.Kxc4 Qa6+ 38.Kb3 Qa4+ 39.Kb2 Rb7+ 40.Kc1 Qa3+  0-1

[Event "ch-GBR"]
[Site "Edinburgh SCO"]
[Date "2003.07.17"]
[Round "4"]
[White "Wells,P"]
[Black "Greet,A"]
[Result "1-0"]
[WhiteElo "2481"]
[BlackElo "2297"]

1.d4 Nf6 2.Bg5 Ne4 3.Bf4 d5 4.e3 e6 5.Bd3 b6 6.Ne2 Bb7 7.c4 dxc4 8.Qa4+ Nd7
9.Qxc4 Nd6 10.Qc2 Bxg2 11.Rg1 Bb7 12.Nbc3 g6 13.e4 a6 14.O-O-O Qh4 15.Qd2 Be7
16.f3 Qh5 17.e5 Nf5 18.Be4 O-O-O 19.Rg4 h6 20.Qc2 g5 21.Bxf5 gxf4 22.Be4 Qxh2
23.Rdg1 Bg5 24.Bxb7+ Kxb7 25.Ne4 f6 26.exf6 Nxf6 27.Rxg5 hxg5 28.Nxf6 Qh6
29.Qe4+ Kb8 30.Qxe6 Rd6 31.Nd7+ Ka7 32.Qxh6 Rhxh6 33.Ne5 Rh2 34.Kd1 c5 35.Rxg5 cxd4
36.Rg7+ Ka8 37.Kd2 Re6 38.Rg5 Rh8 39.Nxf4 Rh2+ 40.Kd3 Rd6 41.Ke4 Rd8 42.Rg7 Re8
43.Nd3 Re2+ 44.Kd5 Rd8+ 45.Kc6 Rc8+ 46.Kd6 Rd8+ 47.Rd7  1-0

[Event "ch-GBR"]
[Site "Edinburgh SCO"]
[Date "2003.07.17"]
[Round "4"]
[White "Summerscale,A"]
[Black "Hunt,A"]
[Result "1/2-1/2"]
[WhiteElo "2492"]
[BlackElo "2395"]

1.d4 Nf6 2.Bg5 Ne4 3.Bf4 c5 4.f3 Qa5+ 5.c3 Nf6 6.Nd2 cxd4 7.Nb3 Qb6 8.Qxd4 Qxd4
9.cxd4 d5 10.e3 e6 11.Rc1 Nc6 12.Bd3 Nh5 13.Be5 Bd7 14.g4 f6 15.Bg3 Nxg3
16.hxg3 h6 17.Ne2 Bd6 18.Nc5 Bxc5 19.Rxc5 Ke7 20.Kd2 Rhc8 21.Rhc1 Nb4 22.Rc7 Rxc7
23.Rxc7 Nxd3 24.Kxd3 Rb8 25.Nf4 Kd6 26.Rc1 e5 27.Ne2 Bb5+ 28.Kd2 Bxe2 29.Kxe2 exd4
30.exd4 Re8+ 31.Kd3  1/2-1/2

[Event "ch-GBR"]
[Site "Edinburgh SCO"]
[Date "2003.07.17"]
[Round "4"]
[White "Bigg,A"]
[Black "Adams,D"]
[Result "0-1"]
[WhiteElo "2287"]
[BlackElo "2172"]

1.d4 Nf6 2.Bg5 Ne4 3.h4 d5 4.Nd2 Bf5 5.e3 h6 6.Bf4 Nxd2 7.Qxd2 e6 8.Bd3 Bxd3
9.Qxd3 c5 10.Nf3 Nc6 11.c3 a6 12.h5 Bd6 13.Rd1 Bxf4 14.exf4 cxd4 15.Nxd4 Qf6
16.Nxc6 bxc6 17.Qd4 Qxd4 18.cxd4 Ke7 19.Rh3 Rhb8 20.Rd2 Rb6 21.Rc3 Kf6 22.Ke2 a5
23.Rdc2 Rab8 24.b3 a4 25.bxa4 Ra8 26.Rxc6 Rxc6 27.Rxc6 Rxa4 28.Rc2 Rxd4 29.Ke3 Ra4
30.Kf3 Ra3+ 31.Kg4 Ke7 32.g3 f5+ 33.Kh3 Kd6 34.Kg2 d4 35.Kf1 Kd5 36.Rc7 Rxa2
37.Rxg7 d3 38.Ke1 Re2+ 39.Kd1 Rxf2 40.Rd7+ Kc4 41.Rd6 Re2 42.Rd7 Rg2 43.Rd6 Re2
44.Rd7 Rh2 45.Rd6 Rxh5 46.Rxe6 Rh1+ 47.Kd2 Rh2+ 48.Kd1 Kc3 49.Rc6+ Kd4 50.Re6 Rg2
51.Re5 Rxg3 52.Rxf5 Ke3 53.Re5+ Kxf4 54.Rh5 Ke3 55.Re5+ Kd4 56.Rh5 Ke3 57.Re5+ Kf4
58.Rh5 Rg6 59.Kd2 Rd6 60.Ra5 Kg4 61.Ra8 h5 62.Rg8+ Kh3 63.Rg7 h4 64.Rg8 Kh2
65.Rg4 h3 66.Rg7 Kh1 67.Rg3 h2 68.Rg5 Re6 69.Kxd3 Re1  0-1

[Event "18th Touraine Open"]
[Site "Avoine FRA"]
[Date "2003.07.19"]
[Round "1"]
[White "Croizer,V"]
[Black "Apicella,M"]
[Result "1/2-1/2"]
[WhiteElo "2141"]
[BlackElo "2522"]

1.d4 Nf6 2.Bg5 Ne4 3.Bf4 d5 4.e3 Bf5 5.Nd2 e6 6.Ngf3 Nd7 7.Nxe4 Bxe4 8.Bd3 Bd6
9.Bxd6 cxd6 10.Bxe4 dxe4 11.Nd2 d5 12.c4 O-O 13.O-O Nf6 14.Qe2 Rc8 15.Rfc1 Qb6
16.b3 Qa6 17.Qd1 b6 18.a3 Rc7 19.c5 bxc5 20.dxc5 Nd7 21.b4 Ne5 22.Nb3 Nd3
23.Rcb1 f5 24.Nc1 Ne5 25.b5 Qa5 26.c6 f4 27.Nb3 Qb6 28.Qd4 fxe3 29.fxe3 Nc4
30.a4 Nxe3 31.a5 Qxb5 32.Qxe3 Qxc6 33.Rc1 Qd6 34.Rxc7 Qxc7 35.Rc1 Qf7 36.Nd2 Qd7
37.Rf1 Rc8 38.Qd4 Qc7 39.a6 h6 40.Nb3 Qc3 41.Qxa7 Qxb3 42.Qf7+ Kh7 43.Qxe6 Qe3+
44.Kh1 Qf2 45.Rg1 Rf8 46.Qxd5 Re8 47.h3 e3 48.a7 e2 49.a8=Q Qxg1+ 50.Kxg1 e1=Q+
51.Kh2 Rxa8 52.Qxa8 Qe5+ 53.Kg1 h5 54.Kf2 Qd4+ 55.Kf3 Qf6+ 56.Ke3 Kh6 57.Qe4 Qc3+
58.Kf2 Qd2+ 59.Kf3 Qd1+ 60.Kf2 Qd2+ 61.Kf3 Qd1+  1/2-1/2

[Event "ch-GBR"]
[Site "Edinburgh SCO"]
[Date "2003.07.19"]
[Round "6"]
[White "Bigg,A"]
[Black "Dignam,M"]
[Result "1-0"]
[WhiteElo "2287"]
[BlackElo "2124"]

1.d4 Nf6 2.Bg5 Ne4 3.Bf4 d5 4.f3 Nf6 5.e4 dxe4 6.Nc3 exf3 7.Nxf3 Bg4 8.h3 Bh5
9.g4 Bg6 10.Qe2 c6 11.O-O-O e6 12.Ne5 Nd5 13.Nxd5 Qxd5 14.c4 Qe4 15.Nxg6 Qxe2
16.Bxe2 hxg6 17.d5 Be7 18.dxe6 fxe6 19.Bd3 O-O 20.Bd2 Nd7 21.Rde1 Bh4 22.Re2 Rf2
23.Rxf2 Bxf2 24.Bxg6 Ne5 25.Bc2 Nxc4 26.Bb3 b5 27.Bxc4 bxc4 28.Bc3 Rd8 29.Rf1 Be3+
30.Kc2 Bd4 31.Bxd4 Rxd4 32.Rf3 a5 33.Kc3 Re4 34.Rf2 Re3+ 35.Kxc4 Rxh3 36.Rg2 a4
37.Kb4 a3 38.b3 e5 39.Kxa3 e4 40.Kb4 Kf7 41.Kc5 Rd3 42.Kxc6 Ke6 43.b4 Rc3+
44.Kb6 e3 45.a4 Kd6 46.b5 Rc8 47.Ka7 Rc7+ 48.Ka6 Rc4 49.a5 Ra4 50.b6 Kc5
51.Rb2 e2 52.Rxe2 Kb4 53.Re4+  1-0

[Event "Open"]
[Site "Ikaros GRE"]
[Date "2003.07.19"]
[Round "8"]
[White "Pozharsky,V"]
[Black "Stiri,A"]
[Result "1-0"]
[WhiteElo "2429"]
[BlackElo "2172"]

1.d4 Nf6 2.Bg5 Ne4 3.Bf4 c5 4.f3 Qa5+ 5.c3 Nf6 6.dxc5 Qxc5 7.e4 g6 8.Na3 a6
9.Nc4 Nc6 10.Be3 Qh5 11.g4 Qh4+ 12.Bf2 Qh6 13.Nh3 Qg7 14.Nf4 e6 15.g5 Nh5
16.Nxh5 gxh5 17.f4 e5 18.Nb6 Rb8 19.Nd5 Be7 20.f5 Qxg5 21.Rg1 Qh6 22.Be3 Bh4+
23.Kd2 Qd6 24.Qxh5 Bf6 25.Qh6 Be7 26.Qg7 Rf8 27.f6 Bd8 28.Kc2 b5 29.Rd1 b4
30.Nc7+ Bxc7 31.Rxd6 Bxd6 32.Qxh7 bxc3 33.bxc3 Ba3 34.Bc4 Kd8 35.Rg8 Rxg8
36.Qxg8+ Kc7 37.Qxf7 Rb2+ 38.Kd3 Rxh2 39.Qg7 Rh3 40.Qg2 d5 41.Bxd5 Bf8 42.f7 Ne7
43.Bc4 Kd6 44.Qb2 Bh6 45.Qb6+ Nc6 46.Qc5+ Kd7 47.f8=Q Rxe3+ 48.Qxe3 Bxf8
49.Qb6 Kd6 50.Bd5 Bd7 51.c4  1-0